<?xml version="1.0" encoding="UTF-8"?><marc:collection xmlns:marc="http://www.loc.gov/MARC21/slim">
  <marc:record>
    <marc:leader>00000nam##2200000za#4500</marc:leader>
    <marc:controlfield tag="001">9.624017</marc:controlfield>
    <marc:controlfield tag="003">CaOODSP</marc:controlfield>
    <marc:controlfield tag="005">20240212134142</marc:controlfield>
    <marc:controlfield tag="007">ta</marc:controlfield>
    <marc:controlfield tag="008">150406|1996||||xxc|||||     f|0| 0 fre|d</marc:controlfield>
    <marc:datafield tag="020" ind1=" " ind2=" ">
      <marc:subfield code="a">0-662-81512-2</marc:subfield>
    </marc:datafield>
    <marc:datafield tag="022" ind1=" " ind2=" ">
      <marc:subfield code="a">1713-0646</marc:subfield>
    </marc:datafield>
    <marc:datafield tag="040" ind1=" " ind2=" ">
      <marc:subfield code="a">CaOODSP</marc:subfield>
      <marc:subfield code="b">fre</marc:subfield>
    </marc:datafield>
    <marc:datafield tag="043" ind1=" " ind2=" ">
      <marc:subfield code="a">n-cn---</marc:subfield>
    </marc:datafield>
    <marc:datafield tag="086" ind1="1" ind2=" ">
      <marc:subfield code="a">NE22-1/1996-14F</marc:subfield>
    </marc:datafield>
    <marc:datafield tag="110" ind1="1" ind2=" ">
      <marc:subfield code="a">Canada. </marc:subfield>
      <marc:subfield code="b">Office national de l'énergie.</marc:subfield>
    </marc:datafield>
    <marc:datafield tag="245" ind1="1" ind2="0">
      <marc:subfield code="a">Coastal Gas Marketing Company (fournisseur: les producteurs); Coastal Gas Marketing Company (fournisseur: Morrison); Coastal Gas Marketing Company (fournisseur: Petro-Canada); Morgan Hydrocarbons Inc. et Coastal Gas Marketing Company; Renaissance Energy Ltd.; St. Lawrence Gas Company Inc.; Talisman Energy Inc. (Glenns Ferry); Talisman Energy Inc. (Rupert) : </marc:subfield>
      <marc:subfield code="b">demandes, présentées aux termes de la partie VI de la Loi sur l'Office national de l'énergie, visant l'obtention de licences d'exportation de gaz naturel </marc:subfield>
    </marc:datafield>
    <marc:datafield tag="260" ind1=" " ind2=" ">
      <marc:subfield code="a">Calgary - Alberta : </marc:subfield>
      <marc:subfield code="b">Office national de l'énergie </marc:subfield>
      <marc:subfield code="c">Septembre 1996.</marc:subfield>
    </marc:datafield>
    <marc:datafield tag="300" ind1=" " ind2=" ">
      <marc:subfield code="a">vii, 47p. : </marc:subfield>
      <marc:subfield code="b">tableau ; </marc:subfield>
      <marc:subfield code="c">28 cm.</marc:subfield>
    </marc:datafield>
    <marc:datafield tag="490" ind1="1" ind2=" ">
      <marc:subfield code="a">Motifs de décision</marc:subfield>
      <marc:subfield code="x">1713-0646</marc:subfield>
    </marc:datafield>
    <marc:datafield tag="563" ind1=" " ind2=" ">
      <marc:subfield code="a">Couverture souple</marc:subfield>
    </marc:datafield>
    <marc:datafield tag="590" ind1=" " ind2=" ">
      <marc:subfield code="a">96-41</marc:subfield>
      <marc:subfield code="b">1996-10-11</marc:subfield>
    </marc:datafield>
    <marc:datafield tag="775" ind1="0" ind2="8">
      <marc:subfield code="t">Coastal Gas Marketing Company (Producers Supply); Coastal Gas Marketing Company (Morrison Supply); Coastal Gas Marketing Company (Petro-Canada Supply); Morgan Hydrocarbons Inc. and Coastal Gas Marketing Company; Renaissance Energy Ltd.; St. Lawrence Gas Company, Inc.; Talisman Energy Inc. (Glenns Ferry); Talisman Energy Inc. (Rupert) : </marc:subfield>
      <marc:subfield code="w">(CaOODSP)9.613311</marc:subfield>
    </marc:datafield>
    <marc:datafield tag="776" ind1="0" ind2="#">
      <marc:subfield code="t">Motifs de décision, Coastal Gas Marketing Company (fournisseur: les producteurs, Coastal Gas Marketing Company (fournisseur: Morrison), Coastal Gas Marketing Company (fournisseur: Petro-Canada), Morgan Hydrocarbons Inc. et Coastal Gas Marketing Company, Renaissance Energy Ltd., St. Lawrence Gas Company Inc., Talisman Energy Inc. (Glenns Ferry), Talisman Energy Inc. (Rupert) : </marc:subfield>
      <marc:subfield code="w">(CaOODSP)9.602825</marc:subfield>
    </marc:datafield>
    <marc:datafield tag="830" ind1="#" ind2="0">
      <marc:subfield code="a">Motifs de décision (Canada. Office national de l'énergie)</marc:subfield>
      <marc:subfield code="x">1713-0646</marc:subfield>
      <marc:subfield code="w">(CaOODSP)9.513162</marc:subfield>
    </marc:datafield>
    <marc:datafield tag="986" ind1=" " ind2=" ">
      <marc:subfield code="a">GHW-1-96</marc:subfield>
    </marc:datafield>
  </marc:record>
</marc:collection>
